Statistics for Which One?- Running

Click here to take the quiz!

General Stats

  • This quiz has been taken 9 times
  • The average score is 8 of 12

Answer Stats

QuestionAnswer% Correct
How many lanes are on a standard outdoor track?8
100%
Which Jamaican runner is famous for his 9.58 second 100-meter run?Usain Bolt
100%
What is the distance of a marathon?26.2 miles
88%
How many laps around the track is equal to 2000 meters?5
88%
Which is NOT a standard Track distance?750 meters
88%
How many miles equal a 5k?3.1 miles
75%
What is the fastest speed any human has ever run? (set in 2009)27.78 mph
63%
What is the fastest mile ever?3:43.13
63%
Which man ran a marathon in 1 hour 59 minutes and 40 seconds?Eliud Kipchoge
63%
Which is NOT a popular running shoe?Converse
50%
How old was the oldest person to run a sub-5-minute mile? (Derek Turnbull)65
38%
In what year was the first Boston Marathon?1897
0%

Score Distribution

Percentile by Number Answered

Percent of People with Each Score

Your Score History

You have not taken this quiz